Bytový dom
Enregistré dans:
| Auteur principal: | |
|---|---|
| Autres auteurs: | |
| Format: | Manuscrit Livre |
| Langue: | slovaque |
| Publié: |
2023
|
| Sujets: | |
| Accès en ligne: | http://is.stuba.sk/zp/portal_zp.pl?podrobnosti=165016 https://opac.crzp.sk/?fn=detailBiblioForm&sid=D51643D01657CDEC2C97BDF06848 |
| Tags: |
Pas de tags, Soyez le premier à ajouter un tag!
|
MARC
| LEADER | 00000ntm a22000003a 4500 | ||
|---|---|---|---|
| 001 | stuzp93999 | ||
| 003 | SK-STU | ||
| 005 | 20230921083222.2 | ||
| 007 | ta | ||
| 008 | 150427s2015----xo-----f-mn---000-0-slo-d | ||
| 040 | |a STU |b slo | ||
| 041 | 0 | |a slo | |
| 100 | 1 | |a Pekarik, Filip |u 010270 |4 aut |U SvF Stavebná fakulta |T SvF Katedra technológie stavieb |X 112124 |U V270 |Y 28 |7 112124 | |
| 242 | 0 | 1 | |a Apartment House |y eng |
| 245 | 1 | 0 | |a Bytový dom |
| 260 | |c 2023 | ||
| 650 | 4 | |a Debnenie stropu |2 slo | |
| 650 | 4 | |a Časový harmonogram |2 slo | |
| 650 | 4 | |a Bytový dom |2 slo | |
| 650 | 4 | |a Projekt organizácie výstavby |2 slo | |
| 650 | 4 | |a Apartment building |2 eng | |
| 650 | 4 | |a Organisation plan |2 eng | |
| 650 | 4 | |a Ceiling formwork |2 eng | |
| 650 | 4 | |a Time schedule |2 eng | |
| 700 | 1 | |a Hanko, Martin |u 010270 |k Z8 |4 ths |U SvF Stavebná fakulta |T SvF Katedra technológie stavieb |X 49405 |U V270 |Y 28 |7 A000049405 | |
| 856 | 4 | |u http://is.stuba.sk/zp/portal_zp.pl?podrobnosti=165016 | |
| 856 | 4 | |u https://opac.crzp.sk/?fn=detailBiblioForm&sid=D51643D01657CDEC2C97BDF06848 | |